Föbb népgazdasági folyamatok 1981-1983

Uložené v:
Podrobná bibliografia
Médium: Kniha
Jazyk:Hungarian
Vydavateľské údaje: Budapest Központi Statisztikai Hivatal 1983
Tagy: Pridať tag
Žiadne tagy, Buďte prvý, kto otaguje tento záznam!

MARC

LEADER 00000nam a2200000 4500
001 c113048
005 20221220090547.8
041 0 |a hun 
044 |a HU 
245 1 0 |a Föbb népgazdasági folyamatok 1981-1983 
264 1 |a Budapest  |b Központi Statisztikai Hivatal  |c 1983 
300 |a 151 s.